000
00236nam a2200109Ia 4500
999
_c
9080
_d
9080
020
_a
978-0133406788
100
_a
Michael P. Todaro
245
0
_a
Economic Development
260
_a
New York
_b
Pearson
_c
1983
300
_a
424
942
_c
BK